| 000 | 01163cam a22002175a 4500 | ||
|---|---|---|---|
| 001 | L141134 | ||
| 008 | 071030s1840 xxk eng u | ||
| 035 | _a(Sirsi) u141134 | ||
| 041 | 0 | _aeng | |
| 100 | 1 | _aCranston, George | |
| 245 | 0 | 0 |
_aFor sale by auction by Mr Geo. Cranston, at the White Hart Inn in Ringwood on Friday July 31, 1840 at 5 o'clock in the afternoon _nthe following lots of valuable arable and meadow lands, in desirable situations near the town of Ringwood and at Westover... |
| 260 |
_aS.l. _bs.n. _c[1840] |
||
| 300 |
_a1 poster _c43 x 34 cm. + _e4 sheets (26 x 20 cm.) |
||
| 340 | _aPrinted | ||
| 351 | _cSingle item | ||
| 500 | _aItem has a letter dated 17 July 1840 written on the verso by the auctioneer, George Cranston, and has been folded and posted as a letter to John Morant Esq. of Lyndhurst. | ||
| 500 | _aItem is accompanied by two letters from the donor, dated 29 March and 1 April 1927, and two letters from the Auctioneers' and Estate Agents' Institute dated 30 March and 5 April 1927. | ||
| 651 | 4 | _aHampshire | |
| 690 | _aPROPERTY-PROPERTY ACQUISITION AND DISPOSAL-ACQUISITION AND DISPOSAL AT AUCTION | ||
| 942 | _n0 | ||
| 999 |
_c116614 _d116614 |
||